00469 2200181 4500001002100000005001500021035002000036008004100056245007000097100002100167250000600188260003400194300001100228084001400239082000800253650001400261990001200275INLIS00000000000024820240503072653 a0010-0424000224240503 0 ind 1 aJangan Biarkan Anak Kita Bereaksi Menarik Diri /cRini Utami Azis aUtami Azis, Rini a1 aSolo :bTiga Serangkai,c2011 a56 hlm a100 RIN j a100 4aNon Fiksi a0732406